LEADER 01425nam a2200325 u 4500 001 000000061142 003 CaOOAMICUS 005 20070226121006.0 008 010903s1998 gw a u000 u ger u 020 $a3451021722 035 $a10900957 040 $aPUL(R)$bita 245 04$aDer ungekündigte Bund? :$bAnteworten des Neuen Testaments /$cKnut Backhaus ... [et al.] ; hrsg. von Hubert Frankemölle. 260 $aFreiburg :$bHerder,$c1998. 300 $a276 p. :$bill. ;$c22 cm 490 1 $aQuaestiones disputatae ;$v172 500 $aComprende indice. 504 $aBibliografia in nota. 630 04$aBiblia.$pN.T.$xCritica e interpretazione.$0(OLS)http://pul/subject/1926 650 4$aAlleanza (teologia).$0(OLS)http://pul/subject/10227 700 1 $aFrankemölle, Hubert.$0(OLS)http://pul/name/25722 700 1 $aBackhaus, Knut.$0(OLS)http://pul/name/41734 830 0$aQuaestiones disputatae (Herder) ;$v172.$0(OLS)http://pul/title/18243 850 $aPUL 852 $aPUL$W1$xSL Religione 2$y84$mTheol A6 172$j79717$nBK-PRI$b $qStampati altre collocazioni$B79717$CPULBib$Z2$F79717 $H $81 941 1 $a10 961 $aINV: 79268 996 $6020$a3451021722$9(OLS)http://pul/number/79182 996 $6245$aDer ungekündigte Bund? :$bAnteworten des Neuen Testaments$9(OLS)http://pul/title/81652 996 $6260$aFreiburg :$bHerder$9(OLS)http://pul/publisher/48354 LEADER 01506nam a2200349 u 4500 001 000000062924 003 CaOOAMICUS 005 20070226121204.0 008 011015s1974 sp u000 u spa u 020 $a8422006758 035 $a10906411 040 $aPUL(R)$bita 100 1 $aLópez Gay, Jesús,$cS.I.,$d1929-$0(OLS)http://pul/name/28837 245 13$aLa mistica del Budismo :$blos monjes no cristianos del Oriente /$cJesus Lopez Gay ; presentacion del Cardenal Sergio Pignedoli. 260 $aMadrid :$bLa Editorial Catolica,$c1974. 300 $a281 p. ;$c20 cm 490 1 $aBiblioteca de autores cristianos 490 1 $aSemina verbi 500 $aContiene indice. 504 $aBibliografia in nota. 650 4$aMisticismo.$0(OLS)http://pul/subject/2407 650 4$aBudda e buddismo.$0(OLS)http://pul/subject/10833 700 1 $aPignedoli, Sergio,$ccard.,$d1910-1980.$0(OLS)http://pul/name/13953 830 0$aBiblioteca de autores cristianos.$0(OLS)http://pul/title/1365 830 0$aSemina verbi.$0(OLS)http://pul/title/66314 850 $aPUL 852 $aPUL$W1$xSL Religione 1$y3$m70 A 58$j81717$nBK-PRI$b $qStampati$B81717$CPULBib$Z2$F81717 $H $81 941 1 $a8 983 0$aBAC. 996 $6020$a8422006758$9(OLS)http://pul/number/81651 996 $6245$aLa mistica del Budismo :$blos monjes no cristianos del Oriente$9(OLS)http://pul/title/83926 996 $6260$aMadrid :$bLa Editorial Catolica$9(OLS)http://pul/publisher/54461